000 nam a22 a 4500
999 _c1450
_d1450
003 AKMAL
005 20170509152651.0
008 170509s1993 my e bi 000 0 may d
020 _a9676102946 (kkt.) :
_cRM6.00
039 9 _a201210040853
_bzuraidahs
_c201209261542
_dmaulidiah
040 _aAKMAL
082 _a305.4 FAI
090 0 0 _a305.4
_bFAI
100 1 _aFaisal Haji Othman,
_cHaji
_92868
245 1 0 _aKedudukan dan peranan wanita dalam Islam /
_cFaisal Hj. Othman
260 _aKuala Lumpur :
_bUtusan Publications & Distributiors,
_c1993
300 _aiii, 138ms. :
_c21cm.
500 _aMengandungi indeks
504 _aBibliografi: ms. 131-133
650 1 0 _aWomen in Islam
_91654
942 _2ddc
_cBOOK